| 000 | 00528nam a2200133 a 4500 | ||
|---|---|---|---|
| 005 | 20260322212033.0 | ||
| 008 | data | ||
| 096 | _aWM 32 AA7 1986 | ||
| 245 | 0 | 0 |
_aHouse bill 2511 _ban act relating to public health and safety. _cedited by Arizona. House of Representatives. Thirty-seventh Legislature. |
| 260 |
_aPhoenix, Ariz. _bArizona. House of Representatives. _c1986 |
||
| 650 | 0 |
_aCommunity mental health services _xLaw and legislation _zArizona |
|
| 700 | 1 | _aArizona. House of Representatives. Thirty-seventh Legislature. | |
| 001 | data | ||
| 999 |
_c759 _d759 |
||